| 000 | 00601nam a22001817a 4500 | ||
|---|---|---|---|
| 005 | 20251108172003.0 | ||
| 008 | 250721s1985 xx 000 0 ara d | ||
| 082 | 1 | 4 | _a956.302/علي |
| 100 | 1 | _aعلي، علي محمود الشيخ | |
| 245 | 1 | 0 | _aمذكرات علي محمود الشيخ علي / |
| 264 | 1 |
_aبغداد : _bدار واسط للدراسات و النشر و التوزيع، _c1985. |
|
| 300 | _a432ص | ||
| 650 | 1 | 7 | _aالعراق |
| 650 | 1 | 7 | _aالتاريخ السياسي |
| 700 | 1 |
_aالزبيدي، محمد حسين _eتحقيق |
|
| 942 |
_2ddc _cBK |
||
| 999 |
_c67629 _d67629 |
||